000 00296nam a22001337a 4500
008 170306b xxu||||| |||| 00| 0 eng d
020 _a2900471699391
041 _aeng
080 _24 ED
_a575
100 _a6
101 _aSHM
245 _aPRINCIPLES OF GENETICS
_cSNUSTAD.P.D
942 _2udc
_cBK
999 _c6786
_d6786